Solid wastes: Origin, collection, processing and disposal (Record no. 24574)
[ view plain ]
| 000 -LEADER | |
|---|---|
| fixed length control field | 00301nam a2200109Ia 4500 |
| 082 ## - DEWEY DECIMAL CLASSIFICATION NUMBER | |
| Classification number | 628.44 |
| Item number | MAN |
| 100 ## - MAIN ENTRY--AUTHOR NAME | |
| Personal name | Mantell, C L |
| 245 #0 - TITLE STATEMENT | |
| Title | Solid wastes: Origin, collection, processing and disposal |
| 260 ## - PUBLICATION, DISTRIBUTION, ETC. (IMPRINT) | |
| Place of publication | New York |
| Name of publisher | John Wiley |
| Year of publication | 1975 |
| 942 ## - ADDED ENTRY ELEMENTS (KOHA) | |
| Koha item type | Books |
| Withdrawn status | Lost status | Damaged status | Not for loan | Home library | Current library | Date acquired | Cost, normal purchase price | Full call number | Accession Number | Koha item type |
|---|---|---|---|---|---|---|---|---|---|---|
| RRII Library | RRII Library | 16/12/2021 | 45.00 | 628.44 MAN | 05253 | Books |